000 00407nam a22001577a 4500
003 OSt
005 20211013133101.0
008 211013b |||||||| |||| 00| 0 eng d
020 _a978159874577
040 _chu
082 _a304.2
100 _ajeffrey g snodgrass
_913287
245 _aindigenous peopels and the collaborative stewardship of nature
260 _ausa
_bhall
_c2010
942 _2ddc
_cBOOKS
_n0
999 _c12420
_d12420